| 000 | 00596nam a22001937a 4500 | ||
|---|---|---|---|
| 005 | 20150804110717.0 | ||
| 010 | _aENG-113104 | ||
| 020 |
_a9789380574288 _c995.00 |
||
| 035 | _aEN-96636 | ||
| 037 | _bDBAD/PUB | ||
| 082 | _a332.673 | ||
| 100 | _aBhat, Ganapati | ||
| 245 |
_aTax policy and FDI : _cby Ganapati Bhat / _binfluence of transfer pricing / |
||
| 260 |
_aNew Delhi _bBookwell _c2012 |
||
| 270 |
_a3/79, Nirankari Colony, _bNew Delhi _e110009 |
||
| 300 |
_axviii,345p. _c23cm(Hb) |
||
| 500 | _aIncludes bibliographical references | ||
| 942 |
_2ddc _cEN _mBHA _h332.673 |
||
| 999 |
_c93692 _d93692 |
||